The philosophy of human rights / (Record no. 3375)

MARC details
000 -LEADER
fixed length control field 05909cam a22006494a 4500
001 - CONTROL NUMBER
control field ocm44509327
003 - CONTROL NUMBER IDENTIFIER
control field OCoLC
005 - DATE AND TIME OF LATEST TRANSACTION
control field 20170825131808.0
008 - FIXED-LENGTH DATA ELEMENTS--GENERAL INFORMATION
fixed length control field 000622s2001 mnu b 001 0 eng
010 ## - LIBRARY OF CONGRESS CONTROL NUMBER
LC control number 00057137
015 ## - NATIONAL BIBLIOGRAPHY NUMBER
National bibliography number GBA1Z0833
Source bnb
015 ## - NATIONAL BIBLIOGRAPHY NUMBER
National bibliography number GBA100000
Source bnb
015 ## - NATIONAL BIBLIOGRAPHY NUMBER
National bibliography number BA100000
016 7# - NATIONAL BIBLIOGRAPHIC AGENCY CONTROL NUMBER
Record control number 011628711
Source Uk
020 ## - INTERNATIONAL STANDARD BOOK NUMBER
International Standard Book Number 1557787905
020 ## - INTERNATIONAL STANDARD BOOK NUMBER
International Standard Book Number 9781557787903
029 1# - (OCLC)
OCLC library identifier AU@
System control number 000021627441
029 1# - (OCLC)
OCLC library identifier AU@
System control number 000022726942
029 1# - (OCLC)
OCLC library identifier AU@
System control number 000026019174
029 1# - (OCLC)
OCLC library identifier HEBIS
System control number 097991198
029 1# - (OCLC)
OCLC library identifier IG#
System control number 9781557787903
029 1# - (OCLC)
OCLC library identifier NLGGC
System control number 236697307
029 1# - (OCLC)
OCLC library identifier NZ1
System control number 5773525
029 1# - (OCLC)
OCLC library identifier UNITY
System control number 071309349
029 1# - (OCLC)
OCLC library identifier YDXCP
System control number 100242487
035 ## - SYSTEM CONTROL NUMBER
System control number (OCoLC)44509327
Canceled/invalid control number (OCoLC)46332019
-- (OCoLC)59545386
040 ## - CATALOGING SOURCE
Original cataloging agency DLC
Language of cataloging eng
Transcribing agency DLC
Modifying agency UKM
-- BAKER
-- BTCTA
-- YDXCP
-- AU@
-- IG#
-- UKV3G
-- HEBIS
-- EUM
-- BDX
-- BKX
-- PSM
-- NEG
-- OCLCF
-- P4I
-- I8M
-- OCLCO
-- UZ0
-- OCLCA
042 ## - AUTHENTICATION CODE
Authentication code pcc
049 ## - LOCAL HOLDINGS (OCLC)
Holding library TZAA
050 00 - LIBRARY OF CONGRESS CALL NUMBER
Classification number JC571
Item number .H358 2001
082 00 - DEWEY DECIMAL CLASSIFICATION NUMBER
Classification number 323/.01
Edition number 21
100 1# - MAIN ENTRY--PERSONAL NAME
Personal name Hayden, Patrick,
Dates associated with a name 1965-
9 (RLIN) 6410
245 14 - TITLE STATEMENT
Title The philosophy of human rights /
Statement of responsibility, etc Patrick Hayden.
260 ## - PUBLICATION, DISTRIBUTION, ETC. (IMPRINT)
Place of publication, distribution, etc St. Paul, MN :
Name of publisher, distributor, etc Paragon House,
Date of publication, distribution, etc 2001.
300 ## - PHYSICAL DESCRIPTION
Extent xviii, 686 p. ;
Dimensions 22 cm.
490 1# - SERIES STATEMENT
Series statement Paragon issues in philosophy
504 ## - BIBLIOGRAPHY, ETC. NOTE
Bibliography, etc Includes bibliographical references (p. 675-680) and index.
505 0# - FORMATTED CONTENTS NOTE
Formatted contents note pt. 1. History and Theories of Human Rights. 1. Republic / Plato. 2. Politics / Aristotle. 3. On the Laws / Cicero. 4. Summa Theologica / Thomas Aquinas. 5. The Rights of War and Peace / Hugo Grotius. 6. Leviathan / Thomas Hobbes. 7. The Second Treatise of Government / John Locke. 8. The Social Contract / Jean-Jacques Rousseau. 9. Reflections on the Revolution in France / Edmund Burke. 10. The Rights of Man / Thomas Paine. 11. A Vindication of the Rights of Woman / Mary Wollstonecraft. 12. The Principles of Political Right / Immanuel Kant. 13. Anarchical Fallacies / Jeremy Bentham. 14. On the Jewish Question / Karl Marx. 15. Utilitarianism and On Liberty / John Stuart Mill. 16. "Are There Any Natural Rights? / H.L.A. Hart. 17. "Human Rights, Real and Supposed." / Maurice Cranston. 18. "The Nature and Value of Rights." / Joel Feinberg. 19. "How Should Human Rights Be Conceived?" / Thomas W. Pogge. 20. "Capabilities and Human Rights." / Martha C. Nussbaum. 21. "Human Rights, Rationality, and Sentimentality." / Richard Rorty. 22. "Wears and Tears (Tableau of an Ageless World.)" / Jacques Derrida. 23. The Analects / Confucius. 24. "Universal Love." / Mo Tzu. 25. "Foundation of the Kingdom of Righteousnous." / The Buddha. 26. "Human Rights and Universal Responsibility." / The Dalai Lama. 27. "An Akan Perspective on Human Rights." / Kwasi Wiredu. 28. "Human Rights in the Muslim World." / Abdullahi Ahmed An-Na'im. 29. The English Bill of Rights. 30. Declaration of Independence of the United States of America. 31. The Bill of Rights of the United States of America. 32. French Declaration of the Rights of Man and of the Citizen. 33. Universal Declaration of Human Rights. 34. African Charter on Human and Peoples' Rights -- pt. 2. Contemporary Issues. 35. "International Human Rights and Cultural Relativism." / Fernando Teson. 36. "'Asian Values' and the Universality of Human Rights." / Xiaorong Li. 37. "A World Consensus on Human Rights?" / Charles Taylor. 38. "The Rights of Peoples: 'Peoples' or 'Governments'?" / James Crawford. 39. "The Good, the Bad, and the Intolerable: Minority Group Rights" / Will Kymlicka. 40. "What's Wrong with Ethnic Cleansing?" / James W. Nickel. 41. "Humanitarian Intervention: An Overview of the Ethical Issues." / Michael J. Smith. 42. "Right in the Home: Feminist Theoretical Perspectives on International Human Rights." / Arati Rao. 43. "Rape, Genocide, and Women's Human Rights." / Catharine A. MacKinnon. 44. "Non-Discrimination and Sexual Orientation: Making a Place for Sexual Minorities in the Global Human Rights Regime." / Jack Donnelly. 45. "Lesbian and Gay Rights." / Martha C. Nussbaum. 46. "The Human Right to a Safe Environment: Philosophical Perspectives on Its Scope and Justification." / James W. Nickel. 47. "Planetary Rights." / Edith Brown Weiss. 48. Vienna Declaration and Programme of Action. 49. Declaration on the Rights of Persons Belonging to National, Ethnic, Religious or Linguistic Minorities. 50. Draft Declaration on the Rights of Indigenous Peoples. 51. Convention on the Prevention and Punishment of the Crime of Genocide. 52. Convention on the Elimination of All Forms of Discrimination Against Women. 53. Draft Declaration of Principles on Human Rights and the Environment.
520 8# - SUMMARY, ETC.
Summary, etc Patrick Hayden brings together an extensive collection of classical and contemporary writings on the topic of human rights, providing an exceptionally comprehensive introduction to the subject.
600 ## - SUBJECT ADDED ENTRY--PERSONAL NAME
Source of heading or term on order
650 #0 - SUBJECT ADDED ENTRY--TOPICAL TERM
Topical term or geographic name as entry element Human rights
General subdivision Philosophy.
650 #0 - SUBJECT ADDED ENTRY--TOPICAL TERM
Topical term or geographic name as entry element Civil rights
General subdivision Philosophy.
9 (RLIN) 6412
650 #7 - SUBJECT ADDED ENTRY--TOPICAL TERM
Topical term or geographic name as entry element Civil rights
General subdivision Philosophy.
Source of heading or term fast
9 (RLIN) 6412
650 #7 - SUBJECT ADDED ENTRY--TOPICAL TERM
Topical term or geographic name as entry element Human rights
General subdivision Philosophy.
Source of heading or term fast
650 #7 - SUBJECT ADDED ENTRY--TOPICAL TERM
Topical term or geographic name as entry element Menschenrecht
Source of heading or term gnd
650 #7 - SUBJECT ADDED ENTRY--TOPICAL TERM
Topical term or geographic name as entry element Philosophie
Source of heading or term gnd
650 #7 - SUBJECT ADDED ENTRY--TOPICAL TERM
Topical term or geographic name as entry element B�urgerrecht
Source of heading or term gnd
650 #4 - SUBJECT ADDED ENTRY--TOPICAL TERM
Topical term or geographic name as entry element Derechos humanos
General subdivision Filosof�ia.
650 #4 - SUBJECT ADDED ENTRY--TOPICAL TERM
Topical term or geographic name as entry element Derechos civiles
General subdivision Filosof�ia.
776 08 - ADDITIONAL PHYSICAL FORM ENTRY
Display text Online version:
Main entry heading Hayden, Patrick, 1965-
Title Philosophy of human rights.
Place, publisher, and date of publication St. Paul, MN : Paragon House, 2001
Record control number (OCoLC)606545151
776 08 - ADDITIONAL PHYSICAL FORM ENTRY
Display text Online version:
Main entry heading Hayden, Patrick, 1965-
Title Philosophy of human rights.
Place, publisher, and date of publication St. Paul, MN : Paragon House, 2001
Record control number (OCoLC)609900761
830 #0 - SERIES ADDED ENTRY--UNIFORM TITLE
Uniform title Paragon issues in philosophy.
9 (RLIN) 6413
856 42 - ELECTRONIC LOCATION AND ACCESS
Materials specified Contributor biographical information
Uniform Resource Identifier <a href="http://catdir.loc.gov/catdir/enhancements/fy1213/00057137-b.html">http://catdir.loc.gov/catdir/enhancements/fy1213/00057137-b.html</a>
856 41 - ELECTRONIC LOCATION AND ACCESS
Materials specified Table of contents only
Uniform Resource Identifier <a href="http://catdir.loc.gov/catdir/enhancements/fy1213/00057137-t.html">http://catdir.loc.gov/catdir/enhancements/fy1213/00057137-t.html</a>
856 42 - ELECTRONIC LOCATION AND ACCESS
Materials specified Publisher description
Uniform Resource Identifier <a href="http://catdir.loc.gov/catdir/enhancements/fy1214/00057137-d.html">http://catdir.loc.gov/catdir/enhancements/fy1214/00057137-d.html</a>
942 ## - ADDED ENTRY ELEMENTS (KOHA)
Source of classification or shelving scheme Library of Congress Classification
Koha item type Books
Holdings
Home library Current library Date acquired Full call number Koha item type
African Court on Human and Peoples' Rights Library African Court on Human and Peoples' Rights Library 25/08/2017 on order Books
African Court on Human and Peoples' Rights Library African Court on Human and Peoples' Rights Library 25/08/2017 on order Books

African Court on Human and Peoples' Rights | For Inquiries Contact » +255 272 510 510